<?xml version="1.0" encoding="UTF-8"?>
<collection xmlns="http://www.loc.gov/MARC21/slim">
 <record>
  <leader>01667nam a2200205Ia 4500</leader>
  <controlfield tag="001">CTU_95027</controlfield>
  <controlfield tag="008">210402s9999    xx            000 0 und d</controlfield>
  <datafield tag="020" ind1=" " ind2=" ">
   <subfield code="c">21000</subfield>
  </datafield>
  <datafield tag="082" ind1=" " ind2=" ">
   <subfield code="a">324.2075092</subfield>
  </datafield>
  <datafield tag="082" ind1=" " ind2=" ">
   <subfield code="b">V112</subfield>
  </datafield>
  <datafield tag="100" ind1=" " ind2=" ">
   <subfield code="a">Vácxbéc, Accđi</subfield>
  </datafield>
  <datafield tag="245" ind1=" " ind2="0">
   <subfield code="a">Suy nghĩ về những câu Mác trả lời con gái</subfield>
  </datafield>
  <datafield tag="245" ind1=" " ind2="0">
   <subfield code="c">Accđi Vácxbéc</subfield>
  </datafield>
  <datafield tag="260" ind1=" " ind2=" ">
   <subfield code="a">Tp. Hồ Chí Minh</subfield>
  </datafield>
  <datafield tag="260" ind1=" " ind2=" ">
   <subfield code="b">Trẻ</subfield>
  </datafield>
  <datafield tag="260" ind1=" " ind2=" ">
   <subfield code="c">2003</subfield>
  </datafield>
  <datafield tag="520" ind1=" " ind2=" ">
   <subfield code="a">Vào năm 1865, ở nhiều nước châu Âu, đặc biệt là ở Anh, có một trò chơi độc đáo được nhiều người biết đấn. Thoạt tiên nó không có tên gọi, về sau có người đặt cho trò chơi này là:Tự bạch. Và đây là bản trả lời của Mác cho hai cô con gái lớn Gienni và Lôra, bản trả lời đã đi vào lịch sử như những lời tự bạch của ông. Ông đã trả lời tất cả các câu hỏi đề ra, không bỏ một mục nào.  Ông đã nói lên những ý kiến của mình về mục đích và chí hướng của con người, về những đức tính và tính xấu của con người cũng như những về những điều khác. Tất cả những điều đó có quan hệ trực tiếp với thời đại ngày nay, với tất cả những người nhiều tuổi cũng như với tất cả thanh niên chúng ta.</subfield>
  </datafield>
  <datafield tag="650" ind1=" " ind2=" ">
   <subfield code="a">Youth education</subfield>
  </datafield>
  <datafield tag="904" ind1=" " ind2=" ">
   <subfield code="i">Trúc</subfield>
  </datafield>
  <datafield tag="980" ind1=" " ind2=" ">
   <subfield code="a">Trung tâm Học liệu Trường Đại học Cần Thơ</subfield>
  </datafield>
 </record>
</collection>
